| 000 | 00772cab a2200253 4500 | ||
|---|---|---|---|
| 001 | WB3233-40 | ||
| 008 | 090401t1996 xxu||||| |||| 00| 0 eng d | ||
| 035 | _a(Sirsi) u6561 | ||
| 041 | _aeng | ||
| 245 | _aAerial bombardment by mobile phone masts | ||
| 260 | _c1996 | ||
| 350 | _a0 | ||
| 490 |
_aIndependent on Sunday _v1 September 1996, 16(2) |
||
| 520 | _aShould there be planning restrictions for mobile phone masts? Discusses resistance to their erection in the countryside after the CPRE`s call for restraint. | ||
| 650 | _aCOUNTRYSIDE | ||
| 650 | _aCPRE | ||
| 650 | _aMOBILE PHONE MASTS | ||
| 650 | _aPHONE MASTS | ||
| 650 | _aPLANNING ISSUES | ||
| 650 | _aRADIO MASTS | ||
| 690 | _aTRANSPORT AND COMMUNICATIONS | ||
| 942 | _n0 | ||
| 948 | _c04/03/1997 | ||
| 999 |
_c3925 _d3925 |
||